• 首页
  • 本馆介绍
  • 公告通知
  • 最新文献
  • 馆藏检索
  • 电子资源
  • 读者导购
  • 参考咨询
  • 我的图书馆
  • 登录
  • 详细信息显示
  • 放入我的书架
  • 预约/预借图书
  • 作者相关作品
  • 分类相关作品
  • 丛书相关作品
  • 出版社相关作品

书目信息

  • 表格格式
  • 工作单格式
  • 卡片格式
题名:
服装服饰创意设计研究
    
 
作者: 唐金萍 著
分册:  
出版信息: 长春   吉林美术出版社  2020.11
页数: 213页
开本: 24cm
丛书名:
单 册:
中图分类: TS941.2
科图分类:
主题词: 服装设计--fu zhuang she ji--研究
电子资源:
ISBN: 978-7-5575-6343-1
000 00891nam0 2200241 450
001 CAL 004133414
005 20230217093112.0
010    @a978-7-5575-6343-1@dCNY60.00
100    @a20210720d2020 em y0chiy0120 ea
101 0  @achi
102    @aCN@b220000
105    @ay a 000yy
106    @ar
200 1  @a服装服饰创意设计研究@Afu zhuang fu shi chuang yi she ji yan jiu@f唐金萍著
210    @a长春@c吉林美术出版社@d2020.11
215    @a213页@d24cm
320    @a有书目
330    @a本书具体内容包含服装设计基础知识、服装制图基础知识、裙子的款式变化及制图裁剪, 女衬衫和男衬衫的款式变化及制图裁剪、裤子的款式变化及制图裁剪、连衣裙款式变化及制图裁剪、服装搭配常识 (款型、色彩)、特殊体型的裁剪等知识。
606 0  @a服装设计@Afu zhuang she ji@x研究
690    @aTS941.2@v5
701  0 @a唐金萍@Atang jin ping@4著
801  0 @aCN@bBJXHZP@c20230228
905    @b1386909-12@dTS941.2@e129@f4
    
    服装服饰创意设计研究/唐金萍著.-长春:吉林美术出版社,2020.11
    213页;24cm
    
    
    ISBN 978-7-5575-6343-1:CNY60.00
    本书具体内容包含服装设计基础知识、服装制图基础知识、裙子的款式变化及制图裁剪, 女衬衫和男衬衫的款式变化及制图裁剪、裤子的款式变化及制图裁剪、连衣裙款式变化及制图裁剪、服装搭配常识 (款型、色彩)、特殊体型的裁剪等知识。
●
相关链接 在E读中查询图书 在五车中查询图书 在当当中查询图书 在豆瓣中查询图书


正题名:服装服饰创意设计研究     索取号:TS941.2/129         预约/预借

序号 登录号 条形码 馆藏地/架位号 状态 备注
1 1386909   213869090   第二样本阅览室/ [索取号:TS941.2/129] 在馆    
2 1386910   213869107   第三借阅区/ [索取号:TS941.2/129] 在馆    
3 1386911   213869116   第三借阅区/ [索取号:TS941.2/129] 在馆    
4 1386912   213869125   第三借阅区/ [索取号:TS941.2/129] 在馆    
唐山师范学院图书馆 欢迎您!
大连网信软件有限公司© 版权所有